Statistics for Five Biggest Countries by Continent (with a map)

Click here to take the quiz!

General Stats

  • This quiz has been taken 4,190 times
  • The average score is 28 of 29

Answers on the Map

Answers color-coded by a green-red scale on the quiz's map according to % correct below.
 

Answer Stats

ContinentCountry% Correct
14366North AmericaCanada
100%
153129North AmericaUnited States
100%
234.0373.0South AmericaArgentina
99%
683.0342.0OceaniaAustralia
99%
266294South AmericaBrazil
99%
615.0140.9AsiaChina
99%
151.0182.0North AmericaMexico
99%
57752Europe/AsiaRussia
99%
386105EuropeFrance
98%
556185.9AsiaIndia
98%
384.2167.2AfricaAlgeria
97%
216.3247.5South AmericaColombia
96%
433.0267.2AfricaD.R. Congo
96%
533.0100.0AsiaKazakhstan
96%
776.7391.9OceaniaNew Zealand
96%
208292South AmericaPeru
96%
372127.5EuropeSpain
96%
450.696.0EuropeUkraine
96%
482.1179.9AsiaSaudi Arabia
95%
448.5209.5AfricaSudan
95%
414.360.5EuropeSweden
95%
236.0319.0South AmericaBolivia
94%
419.3172.9AfricaLibya
93%
703.7282.4OceaniaPapua New Guinea
92%
422.6209.4AfricaChad
90%
184.5210.7North AmericaHonduras
88%
188.2218.1North AmericaNicaragua
88%
782.9320.1OceaniaFiji
86%
742.1295.0OceaniaSolomon Islands
84%

Score Distribution

Percentile by Number Answered

Percent of People with Each Score

Your Score History

You have not taken this quiz